00756nam a2200217Ia 4500003000900000008004100009020001800050040001600068080001100084100002200095245012100117260004100238300001700279650004100296650001900337650002200356650001900378942000700397999001700404952011700421IN-BaIIA211028s9999 xx 000 0 eng d a0-521-45730-0 cIIA Library a8bSNO asnow, c.p.919036 4aThe two cultures, with introduction by Stefan Collini.-cC. P. Snow  aUKbCambridge University Pressc1993 alxxiii, 107p aAstronomy and Astrophysics Thesaurus aCulture916099 aScientists911084 aWriters919037 cBK c11116d11116 00104070aBANbBANcGENd1994-07-28g195.00l0o008/SNOp12030r2021-11-05v195.00w1994-07-28yBKGRs. 195.00